000 00603nam a22002297a 4500
003 UA-OsUOA
001 86580
007 ta
008 20120906b un ||||| |||| 00| 0 ukr d
100 _aШтайнгаус К.
090 _a94(430)
_bШ87
942 _cBK
040 _aUA-OsUOA
_brus
_cUA-OsUOA
_dUA-OsUOA
245 _aВозрождение великой державы?
300 _a141 с.
955 _a5
041 _arus
080 _a94(430)
260 _aМ.
_bПрогресс
_c1981
650 7 _a9 Географія. Біографії. Історія
_2UDC
999 _c372690
_d372690